Islamic Modernism (Record no. 65140)

MARC details
000 -LEADER
fixed length control field 00202nam a22001097a 4500
082 ## - DEWEY DECIMAL CLASSIFICATION NUMBER
Classification number 297.3SAY
100 ## - MAIN ENTRY--AUTHOR NAME
Personal name Sayeed
245 ## - TITLE STATEMENT
Title Islamic Modernism
260 ## - PUBLICATION, DISTRIBUTION, ETC. (IMPRINT)
Place of publication karachi
300 ## - PHYSICAL DESCRIPTION
Number of Pages 134p
942 ## - ADDED ENTRY ELEMENTS (KOHA)
Koha item type Books
Holdings
Withdrawn status Lost status Collection code Home library Current library Date acquired Full call number Accession Number Koha item type
    Reference Reference Section Reference Section 08/07/2019 297.3SAY (Shelf - 18A) R22522 Books